Premier League teams 2013/2014 - Statistics

General Stats
  • This quiz has been taken 15 times
  • The average score is 15 of 20
Answer Stats
Position Points Team % Correct
7 64 Manchester United
100%
2 84 Liverpool
91%
1 86 Manchester City
91%
6 69 Tottenham Hotspur
91%
4 79 Arsenal
82%
3 82 Chelsea
82%
11 45 Crystal Palace
82%
5 72 Everton
82%
8 56 Southampton
82%
12 42 Swansea City
82%
17 36 West Bromwich Albion
82%
13 40 West Ham United
82%
15 38 Aston Villa
73%
20 30 Cardiff City
73%
19 32 Fulham
64%
10 49 Newcastle United
64%
18 33 Norwich City
64%
16 37 Hull City
55%
14 38 Sunderland
55%
9 50 Stoke City
45%
No matching quizzes found
Score Distribution
Percent of People with Each Score
Percentile by Number Answered
Your Score History
You have not taken this quiz